000 00442nam a2200181Ia 4500
005 20230429161242.0
008 131103s9999 xx 000 0 und d
040 _aLoreto College
041 _aEnglish
082 _a657.8
_bMIK
100 _aMikesell,R.M.
245 _aGovernmental acounting
_cR.M. MIkesell
260 _aIllinois
_bRichard D. Irwin
_c1969
300 _a750p
700 _aHay,Leon E
850 _aLCLIB
942 _cBK
999 _c35983
_d86462